000 00545nam a2200229Ia 4500
003 OSt
005 20230408132204.0
008 210423s2014 xx 000 0 und d
020 _a978-93-272-4594-3
040 _cAL
041 _aeng
082 _a339
_223
_bCHOM
100 _aCHOPRA (P N)
_985106
245 _aMacroeconomics Ed 6
250 _a6
260 _aLudhiana
_bKalyani Publishers
_c2014
300 _avi,788
_bPB
365 _b425
_cINR
650 _aMacroeconomics
_985107
906 _aMacroeconomics
942 _2ddc
_cBK
999 _c169479
_d169479